| 000 | 00404nam a2200133 4500 | ||
|---|---|---|---|
| 005 | 20260218100252.0 | ||
| 008 | 260218b |||||||| |||| 00| 0 eng d | ||
| 020 | _a0719536472 | ||
| 100 | _aKrommenhoek W, Sebus J & Esch Van G. J | ||
| 245 |
_aBiological Structures _c/Krommenhoek, Sebus & Esch Van |
||
| 260 |
_aNetherlands; _bL. C. G Malmberg B. V; _c1979 |
||
| 300 |
_a139p.ill; _c26cm |
||
| 942 |
_2lcc _n0 _cBK |
||
| 999 |
_c164 _d164 |
||